[Event "FICGS rapid D 000015 email"]
[Site "FICGS email"]
[Date "2008.10.25"]
[Round "1"]
[White "Bromo, Alexis"]
[Black "Claeys, Ignaas"]
[Result "1-0"]
[WhiteElo "1460"]
[BlackElo "1485"]
[PlyCount "25"]
[EventDate "2008.??.??"]
[EventType "tourn (rapid)"]
[EventRounds "5"]
[SourceTitle "Corr 2022"]
[Source "ChessBase"]
[SourceDate "2021.10.24"]
[SourceVersion "1"]
[SourceVersionDate "2021.10.24"]
[SourceQuality "1"]

1. d4 d5 2. c4 c6 3. Nf3 Nf6 4. Nc3 dxc4 5. e3 b5 6. h3 e6 7. Ne5 a6 8. g4 Bb4 9. Bd2 0-0 10. Bg2 Nd5 11. Nxd5 cxd5 12. Bxb4 Re8 13. f4 1-0

[Event "FICGS rapid D 000015 email"]
[Site "FICGS email"]
[Date "2008.10.25"]
[Round "1"]
[White "Claeys, Ignaas"]
[Black "Trigiani, Vincenzo"]
[Result "1-0"]
[WhiteElo "1485"]
[BlackElo "1419"]
[PlyCount "37"]
[EventDate "2008.??.??"]
[EventType "tourn (rapid)"]
[EventRounds "5"]
[SourceTitle "Corr 2022"]
[Source "ChessBase"]
[SourceDate "2021.10.24"]
[SourceVersion "1"]
[SourceVersionDate "2021.10.24"]
[SourceQuality "1"]

1. Nf3 e5 2. Nxe5 f6 3. Nc4 f5 4. d4 Nc6 5. g3 d5 6. Ne3 Nxd4 7. Bg2 Bb4+ 8. c3 Ba5 9. 0-0 Nf6 10. cxd4 Qd6 11. Qa4+ Bd7 12. Qxa5 0-0-0 13. Nc3 b6 14. Qa6+ Kb8 15. Nexd5 Nxd5 16. Bxd5 c6 17. Nb5 Qxd5 18. Qxa7+ Kc8 19. Qc7# 1-0

[Event "FICGS rapid D 000015 email"]
[Site "FICGS email"]
[Date "2008.10.25"]
[Round "1"]
[White "Stoyanov, Zdravko"]
[Black "Claeys, Ignaas"]
[Result "0-1"]
[WhiteElo "1334"]
[BlackElo "1485"]
[PlyCount "58"]
[EventDate "2008.??.??"]
[EventType "tourn (rapid)"]
[EventRounds "5"]
[SourceTitle "Corr 2022"]
[Source "ChessBase"]
[SourceDate "2021.10.24"]
[SourceVersion "1"]
[SourceVersionDate "2021.10.24"]
[SourceQuality "1"]

1. e4 d5 2. e5 Bf5 3. Nf3 c5 4. d4 e6 5. c3 Nc6 6. Bb5 Qb6 7. Na3 cxd4 8. Nxd4 Bxa3 9. bxa3 Nge7 10. Be3 Qc7 11. Bf4 0-0 12. 0-0 Ng6 13. Bg3 Rfc8 14. Nxf5 exf5 15. e6 f4 16. Bxc6 fxg3 17. Bxd5 gxh2+ 18. Kh1 Ne5 19. f4 Nc4 20. Qa4 Nb6 21. exf7+ Kh8 22. Qe4 Nxd5 23. Qxd5 Rf8 24. Kxh2 Rxf7 25. g3 Rd8 26. Qb3 Rd2+ 27. Kh3 Qd7+ 28. g4 Qd3+ 29. Kh4 Rh2+ 0-1

[Event "FICGS class D 000100 email"]
[Site "FICGS email"]
[Date "2008.08.29"]
[Round "1"]
[White "Claeys, Ignaas"]
[Black "Bromo, Alexis"]
[Result "1-0"]
[WhiteElo "1400"]
[BlackElo "1800"]
[PlyCount "55"]
[EventDate "2008.??.??"]
[EventType "tourn (corr)"]
[EventRounds "6"]
[SourceTitle "Corr 2022"]
[Source "ChessBase"]
[SourceDate "2021.10.24"]
[SourceVersion "1"]
[SourceVersionDate "2021.10.24"]
[SourceQuality "1"]

1. Nf3 d5 2. g3 c5 3. c4 dxc4 4. Bg2 Nc6 5. 0-0 e5 6. Qa4 Bd7 7. Qxc4 f6 8. Nc3 Nge7 9. Ne4 Nc8 10. d3 Nb6 11. Qc3 Nd5 12. Qb3 Nb6 13. Be3 Nd4 14. Nxd4 cxd4 15. Bd2 Nc8 16. Qxb7 Rb8 17. Qa6 Rxb2 18. Rac1 f5 19. Ba5 Rxa2 20. Ra1 Rxa1 21. Rxa1 Qe7 22. Nd2 Qd6 23. Qb7 Be7 24. Nc4 Qe6 25. Bd5 Qf6 26. Rc1 f4 27. Nxe5 Qxe5 28. Rxc8+ 1-0

[Event "FICGS class D 000100 email"]
[Site "FICGS email"]
[Date "2008.08.29"]
[Round "1"]
[White "Claeys, Ignaas"]
[Black "Soszynski, Marek J"]
[Result "0-1"]
[WhiteElo "1400"]
[BlackElo "1700"]
[PlyCount "50"]
[EventDate "2008.??.??"]
[EventType "tourn (corr)"]
[EventRounds "6"]
[SourceTitle "Corr 2022"]
[Source "ChessBase"]
[SourceDate "2021.10.24"]
[SourceVersion "1"]
[SourceVersionDate "2021.10.24"]
[SourceQuality "1"]

1. Nf3 d5 2. g3 Bg4 3. Ne5 Bf5 4. d3 Nd7 5. Bf4 Ngf6 6. Bg2 Nh5 7. Nxd7 Nxf4 8. gxf4 Qxd7 9. Nd2 g6 10. e4 Bg4 11. f3 Be6 12. Qe2 Qd6 13. e5 Qb4 14. 0-0-0 Bh6 15. c3 Qb6 16. d4 Bf5 17. Rhe1 e6 18. Qf1 Bxf4 19. Bh3 a5 20. Bxf5 exf5 21. h4 a4 22. Qh3 c5 23. h5 a3 24. b3 cxd4 25. Qh4 Qc5 0-1

[Event "FICGS class D 000100 email"]
[Site "FICGS email"]
[Date "2008.08.29"]
[Round "1"]
[White "Tognela, Matteo"]
[Black "Claeys, Ignaas"]
[Result "1-0"]
[WhiteElo "1700"]
[BlackElo "1400"]
[PlyCount "33"]
[EventDate "2008.??.??"]
[EventType "tourn (corr)"]
[EventRounds "6"]
[SourceTitle "Corr 2022"]
[Source "ChessBase"]
[SourceDate "2021.10.24"]
[SourceVersion "1"]
[SourceVersionDate "2021.10.24"]
[SourceQuality "1"]

1. Nf3 d5 2. g3 c6 3. Bg2 Nf6 4. 0-0 Bf5 5. d3 e6 6. c4 Be7 7. Qb3 Qb6 8. Be3 Qxb3 9. axb3 c5 10. Nh4 Bg4 11. Nc3 d4 12. Bxb7 dxe3 13. fxe3 Kd7 14. Bxa8 Nc6 15. Bxc6+ Kxc6 16. Rxa7 Kd6 17. Nb5+ 1-0

[Event "FICGS rapid D 000010 email"]
[Site "FICGS email"]
[Date "2008.08.03"]
[Round "1"]
[White "Claeys, Ignaas"]
[Black "Noth, Albert"]
[Result "1-0"]
[WhiteElo "1400"]
[BlackElo "1350"]
[PlyCount "33"]
[EventDate "2008.??.??"]
[EventType "tourn (rapid)"]
[EventRounds "5"]
[SourceTitle "Corr 2022"]
[Source "ChessBase"]
[SourceDate "2021.10.24"]
[SourceVersion "1"]
[SourceVersionDate "2021.10.24"]
[SourceQuality "1"]

1. Nf3 d6 2. g3 g6 3. Bg2 Bg7 4. 0-0 Nf6 5. c4 0-0 6. d3 Nc6 7. Nc3 Bg4 8. Rb1 e5 9. b4 Bxf3 10. exf3 Nd4 11. Be3 d5 12. f4 Ng4 13. Nxd5 Nxe3 14. fxe3 Nf5 15. g4 Nh4 16. Be4 f5 17. gxf5 1-0

[Event "FICGS rapid D 000010 email"]
[Site "FICGS email"]
[Date "2008.08.03"]
[Round "1"]
[White "Yague, Omar"]
[Black "Claeys, Ignaas"]
[Result "1-0"]
[WhiteElo "1400"]
[BlackElo "1400"]
[PlyCount "89"]
[EventDate "2008.??.??"]
[EventType "tourn (rapid)"]
[EventRounds "5"]
[SourceTitle "Corr 2022"]
[Source "ChessBase"]
[SourceDate "2021.10.24"]
[SourceVersion "1"]
[SourceVersionDate "2021.10.24"]
[SourceQuality "1"]

1. e4 d5 2. exd5 Qxd5 3. Nc3 Qd8 4. d4 Nf6 5. Nf3 c6 6. Bc4 Bf5 7. Ne5 e6 8. g4 Bg6 9. Nxg6 hxg6 10. g5 Nd5 11. Ne4 Nd7 12. Qd3 Qa5+ 13. Bd2 Bb4 14. Nd6+ Ke7 15. Nxb7 Bxd2+ 16. Qxd2 Qxd2+ 17. Kxd2 Rab8 18. Na5 Kd6 19. h4 f6 20. Rag1 N7b6 21. gxf6 gxf6 22. Rxg6 Rh5 23. Be2 Rf5 24. c4 Ne7 25. c5+ Kd7 26. Rg7 Nbd5 27. b3 Rxf2 28. a3 Rg8 29. Rxg8 Nxg8 30. Nc4 Rg2 31. Ne3 Nxe3 32. Kxe3 Nh6 33. Rh3 Nf5+ 34. Kd3 Nxd4 35. Kxd4 Rxe2 36. h5 Rd2+ 37. Kc3 Rg2 38. h6 Rg8 39. h7 Rh8 40. b4 e5 41. a4 a6 42. Kc4 f5 43. Rh6 f4 44. Kd3 Kd8 45. Ke4 1-0

[Event "FICGS class D 000091 email"]
[Site "FICGS email"]
[Date "2008.06.26"]
[Round "1"]
[White "Claeys, Ignaas"]
[Black "Cirulis, Ilmars"]
[Result "0-1"]
[WhiteElo "1400"]
[BlackElo "1503"]
[PlyCount "66"]
[EventDate "2008.??.??"]
[EventType "tourn (corr)"]
[EventRounds "6"]
[SourceTitle "Corr 2022"]
[Source "ChessBase"]
[SourceDate "2021.10.24"]
[SourceVersion "1"]
[SourceVersionDate "2021.10.24"]
[SourceQuality "1"]

1. Nf3 Nf6 2. g3 Nc6 3. c4 e5 4. Bg2 Bc5 5. 0-0 0-0 6. b3 d5 7. cxd5 Nxd5 8. Ba3 Bxa3 9. Nxa3 e4 10. Ne1 Qe7 11. Nc4 Bg4 12. Ne3 Nxe3 13. dxe3 Rad8 14. Qc2 f5 15. Qc4+ Rf7 16. Nc2 Ne5 17. Qb5 c6 18. Qa5 Bxe2 19. Rfe1 b6 20. Qc3 Bg4 21. Nd4 c5 22. Ne2 Nd3 23. Rad1 Nxe1 24. Rxd8+ Qxd8 25. Qxe1 Rd7 26. Nc3 Rd2 27. h3 Be2 28. Kh2 Qd3 29. Nxe2 Qxe2 30. Qxe2 Rxe2 31. Kg1 Rxa2 32. h4 Ra1+ 33. Kh2 h5 0-1

[Event "FICGS class D 000091 email"]
[Site "FICGS email"]
[Date "2008.06.26"]
[Round "1"]
[White "Claeys, Ignaas"]
[Black "Kis Kos, Laszlo"]
[Result "0-1"]
[WhiteElo "1400"]
[BlackElo "1537"]
[PlyCount "50"]
[EventDate "2008.??.??"]
[EventType "tourn (corr)"]
[EventRounds "6"]
[SourceTitle "Corr 2022"]
[Source "ChessBase"]
[SourceDate "2021.10.24"]
[SourceVersion "1"]
[SourceVersionDate "2021.10.24"]
[SourceQuality "1"]

1. Nf3 Nf6 2. g3 d5 3. Bg2 e6 4. 0-0 c5 5. c4 Nc6 6. cxd5 exd5 7. d4 cxd4 8. Nxd4 Be7 9. Nxc6 bxc6 10. Qc2 0-0 11. Bf4 Bd6 12. Qxc6 Bxf4 13. Qxa8 Qc7 14. Bxd5 Be6 15. Qc6 Nxd5 16. Qxc7 Bxc7 17. Rc1 Be5 18. Rc2 Nb4 19. Rc5 Bxb2 20. a3 Na6 21. Ra5 Nb8 22. Rxa7 Bxa1 23. a4 Rc8 24. Nd2 Bh3 25. Nb3 Nc6 0-1

[Event "FICGS class D 000091 email"]
[Site "FICGS email"]
[Date "2008.06.26"]
[Round "1"]
[White "Cridland, Graham M"]
[Black "Claeys, Ignaas"]
[Result "0-1"]
[WhiteElo "1498"]
[BlackElo "1400"]
[PlyCount "54"]
[EventDate "2008.??.??"]
[EventType "tourn (corr)"]
[EventRounds "6"]
[SourceTitle "Corr 2022"]
[Source "ChessBase"]
[SourceDate "2021.10.24"]
[SourceVersion "1"]
[SourceVersionDate "2021.10.24"]
[SourceQuality "1"]

1. e4 d5 2. exd5 Qxd5 3. Nc3 Qd8 4. d4 Nf6 5. Bg5 c6 6. Bc4 Bf5 7. Nf3 e6 8. Qe2 Be7 9. 0-0-0 0-0 10. Ne5 Nd5 11. Bxe7 Qxe7 12. Ne4 Nd7 13. g4 Nxe5 14. dxe5 Bg6 15. h4 f5 16. h5 fxe4 17. hxg6 Qg5+ 18. Kb1 Qxg6 19. Rh2 Rf3 20. Rd4 Qxg4 21. Qe1 Qf4 22. Rg2 Rf8 23. Qg1 Qxe5 24. Rd2 e3 25. Re2 R8f4 26. Rg5 Qf6 27. Bd3 exf2 0-1